Southeast Asia: past and present (Record no. 353501)

000 -LEADER
fixed length control field 00333cam a22001217a 4500
008 - FIXED-LENGTH DATA ELEMENTS--GENERAL INFORMATION
fixed length control field 180718b1981 xxu||||| |||| 00| 0 eng d
082 ## - DEWEY DECIMAL CLASSIFICATION NUMBER
Classification number A6x59 Sa72
100 ## - MAIN ENTRY--PERSONAL NAME
Personal name Sardesai, D.R.
245 ## - TITLE STATEMENT
Title Southeast Asia: past and present
Statement of responsibility, etc. by D.R. Sardesai
260 ## - PUBLICATION, DISTRIBUTION, ETC.
Place of publication, distribution, etc. Delhi
Name of publisher, distributor, etc. Vikas
Date of publication, distribution, etc. 1981
300 ## - PHYSICAL DESCRIPTION
Extent 485p.
650 ## - SUBJECT ADDED ENTRY--TOPICAL TERM
Topical term or geographic name entry element Asia, Southeast - History
Holdings
Withdrawn status Lost status Damaged status Not for loan Permanent Location Current Location Date acquired Full call number Barcode Date last seen Price effective from Koha item type
        Indian Institute of Public Administration Indian Institute of Public Administration 1993-12-03 A6x59 Sa72 57620 2018-07-21 2018-07-21 Book

Powered by Koha